All victorious characters Quiz Stats

 Plays Quiz not verified by Sporcle

Challenge
Share
Tweet
Embed
Score 0/34 Timer 10:00
0 Plays Today
Actor/actress name Name of character % Correct
Victoria JusticeTori Vega
97.6%
Ariana GrandeCat Valentine
94.3%
Leon Thomas IIIAndre Harris
93.8%
Elizabeth GilliesJade West
93.3%
Matt BennettRobbie Shapiro
91.9%
Avan JogiaBeck Olliver
91.9%
Daniella MonetTrina Vega
90.5%
(Voiced by) Jake FarrowRex Powers
80%
Michael Eric ReidSinjin
70%
Eric LangeSikowitz
65.7%
Lane NapperLane Alexander
55.2%
Jim PirriDavid Vega
35.2%
Jennifer CartaHolly Vega
35.2%
Jennette McCurdyPonnie or Fawn Lebowitz
31.4%
Marilyn HarrisMrs Harris
25.2%
Yvette BrownPrincipal Helen Dubois
24.3%
David StarzykPrincipal Eikner
21%
Actor/actress name Name of character % Correct
Ryan RottmanRyder Daniels
21%
Susan ChuangMrs Lee
19.5%
Darsan SolomonBurf
17.6%
Marco AielloFestus
14.8%
Jamie SnowTara Ganz
14.3%
Jillian ClareHayley Ferguson
13.3%
Rob RiggleVice Principal Dickers
13.3%
Brandon JonesMoose
13.3%
Charles ShaughnessyMason Thornesmith
12.9%
Meagan HolderHope Quincy
11.9%
Kool KojakKojeezy
11.9%
Renée TaylorMamaw
11.4%
N/ACat's brother
11%
Shirley JonesMona Patterson
11%
Cole JensenFrancis Thornesmith
11%
Mackenzie SmithRhoda Hellberg
9.5%
Jill Matson-SachoffMrs Hellberg
8.1%

You're not logged in!

Compare scores with friends on all Sporcle quizzes.
OR
Log In

You Might Also Like...

Show Comments

Extras

Top Quizzes Today


Score Distribution

Your Account Isn't Verified!

In order to create a playlist on Sporcle, you need to verify the email address you used during registration. Go to your Sporcle Settings to finish the process.

Report this User

Report this user for behavior that violates our Community Guidelines.

Details: